| 000 | 00756nam a2200253Ia 4500 | ||
|---|---|---|---|
| 003 | OSt | ||
| 005 | 20220928101740.0 | ||
| 006 | a|||||r|||| 00| 0 | ||
| 007 | ta | ||
| 008 | 220927b |||||||| |||| 00| 0 eng d | ||
| 020 | _c6634.4399999999996 | ||
| 024 | _a125077 | ||
| 037 |
_b314, 17/10/2014, Kiran Book Service _cTextual |
||
| 040 |
_aSDCL _cSDCL _beng |
||
| 041 |
_2eng _aeng |
||
| 082 | _aO-973:g(W6), P8 | ||
| 100 |
_aLarson Kerry _9394697 |
||
| 245 | 0 | _aImagining equality in nineteenth-century american literature. | |
| 260 |
_aDelhi _bCUP _c2008 |
||
| 300 |
_a1-212P _ccm. |
||
| 650 | _aEnglish | ||
| 942 |
_hO-973:g(W6), P8 _cTEXL _2CC |
||
| 999 |
_c710305 _d710305 |
||